<The> anti-expenditure principle: Gosplan's proposals for Soviet economic reform.

Stratégia Gosplanu na premenu sovietskej ekonomiky na trhovú ekonomiku - ekonomická reforma Gosplanu. Definícia ekonomických problémov zo strany Gosplanu a ich riešenie. Produktivita. Definícia Gosplanu o uspokojovaní sociálnych potrieb obyvateľstva. Mzdy a platy.

Guardado en:
Detalles Bibliográficos
Autor principal: Twigg, J.
Formato: Capítulo de libro
Lenguaje:inglés
Materias:
Etiquetas: Agregar Etiqueta
Sin Etiquetas, Sea el primero en etiquetar este registro!

MARC

LEADER 00000naa a2200000 4500
001 r006041
005 20221213085237.5
041 0 |a eng 
044 |a GB 
245 1 0 |a <The> anti-expenditure principle: Gosplan's proposals for Soviet economic reform.  |c J. Twigg 
520 |a Stratégia Gosplanu na premenu sovietskej ekonomiky na trhovú ekonomiku - ekonomická reforma Gosplanu. Definícia ekonomických problémov zo strany Gosplanu a ich riešenie. Produktivita. Definícia Gosplanu o uspokojovaní sociálnych potrieb obyvateľstva. Mzdy a platy. 
610 2 0 |a reformy hospodárske 
610 2 0 |a ZSSR 
610 2 0 |a výroba hrubá 
610 2 0 |a výroba čistá 
610 2 0 |a náklady 
610 2 0 |a produktivita práce 
610 2 0 |a mzdy 
100 1 |a Twigg, J.